LEADER 01374nam a22004215a 4500
001 DER.der001374
008 180615s1998####ag#||||||||||||||#||spa||
005 20250821142858.0
245 1 0 |a Procedimiento probatorio /  |c dirigido por Roberto Vázquez Ferreyra. 
260 |a Santa Fe :  |b Jurídica Panamericana,  |c 1998. 
300 |a 361 p. 
020 |a 9509706477 
100 1 |a Vázquez Ferreyra, Roberto,  |e dir. 
700 1 |a Andrada, Alejandro Dalmacio 
700 1 |a Capella, José Luis 
700 1 |a Cardone, Carlos Alberto 
700 1 |a Cecchini, Francisco 
700 1 |a Chapman, María Alejandra 
700 1 |a Chiappini, Julio 
700 1 |a Esborraz, David F. 
700 1 |a Fresneda Saieg, Mónica 
700 1 |a Gardella, Luis Luciano 
700 1 |a Hernández, Carlos A. 
700 1 |a López Miró, Horacio G. 
700 1 |a Lorente, Guillermo 
700 1 |a Mas Varela, María Isabel 
700 1 |a Menicocci, Alejandro Aldo 
700 1 |a Mónaco, Edgardo Alfredo 
700 1 |a Müller, Enrique Carlos 
700 1 |a Pagnaco, Eduardo 
700 1 |a Peyrano, Guillermo F. 
700 1 |a Racciatti, Hernán (h) 
700 1 |a Ramacciotti, Rodrigo 
700 1 |a Romano, Alberto Antonio 
700 1 |a Saux, Edgardo Ignacio 
700 1 |a Silguero Estagnan, Joaquín 
700 1 |a Zavala de González, Matilde 
859 |a DERECHO  |b BIB. DERECHO  |h 347.05  |i PRO  |p 003270